000 00675nam a2200289Ia 4500
005 20260324125025.0
008 008 260324s9999 xx 000 0 eng d
020 _a9780429484155
037 _aEBOOK
040 _aCRL
040 _beng
040 _cCRL
041 _2eng
041 _aeng
084 _qCRL
100 _aRoy Schafer
_91176399
245 0 _aTragic Knots in Psychoanalysis
245 0 _bNew Papers on Psychoanalysis
260 _bTaylor and Francis
260 _c2009
365 _a
365 _b220
856 _uhttp://www.taylorfrancis.com/books/9780429484155
942 _cEBOOK
999 _c1771298
_d1771298